ՀՀ Գիտությունների ազգային ակադեմիայի հիմնարար գիտական գրադարան  =   Fundamental Scientific Library of NAS RA

Немецко-русский технический словарь / (Record no. 477327)

MARC details
000 -LEADER
fixed length control field 00924nam a2200229 a 4500
001 - CONTROL NUMBER
control field 000542768
003 - CONTROL NUMBER IDENTIFIER
control field AM-YeHGA
005 - DATE AND TIME OF LATEST TRANSACTION
control field 20250617161758.0
008 - FIXED-LENGTH DATA ELEMENTS--GENERAL INFORMATION
fixed length control field 070626s1933 r 000 0 rus d
040 ## - CATALOGING SOURCE
Original cataloging agency AM-YeHGA
041 0# - LANGUAGE CODE
Language code of text/sound track or separate title rusger
090 ## - LOCALLY ASSIGNED LC-TYPE CALL NUMBER (OCLC); LOCAL CALL NUMBER (RLIN)
-- 480624
100 1# - MAIN ENTRY--PERSONAL NAME
Personal name Коренблит, А.И.
245 10 - TITLE STATEMENT
Title Немецко-русский технический словарь /
Statement of responsibility, etc. А.И. Коренблит ; Сост. П.Н. Салтанова.
250 ## - EDITION STATEMENT
Edition statement 4-е изд.
260 ## - PUBLICATION, DISTRIBUTION, ETC.
Place of publication, distribution, etc. Ленинград :
Name of publisher, distributor, etc. Госхимтехиздат,
Date of publication, distribution, etc. 1933.
300 ## - PHYSICAL DESCRIPTION
Extent т.
505 10 - FORMATTED CONTENTS NOTE
Miscellaneous information Т. 1 (1933, с. 1-800) :
Title A- Flugelwelle
Miscellaneous information Т. 2 (1933, с. 800-1600) :
Title Flugelwendevorrichtung-Pras
Miscellaneous information Т. 3 (1933, с. 1600-2440) :
Title Praschen-Zypressenmoos
650 14 - SUBJECT ADDED ENTRY--TOPICAL TERM
Topical term or geographic name entry element Немецкий язык
-- Технические словари
650 14 - SUBJECT ADDED ENTRY--TOPICAL TERM
Topical term or geographic name entry element Русский язык
700 1# - ADDED ENTRY--PERSONAL NAME
Personal name Салтанова, П.Н.
Relator term сост.
Relationship com
Holdings
Withdrawn status Lost status Damaged status Not for loan Collection Home library Current library Date acquired Serial enumeration / chronology Total checkouts Full call number Barcode Date last seen Price effective from Koha item type Public note
        General Fundamental Scientific Library Fundamental Scientific Library 22/10/2018 Т. 3   РД III/10408 FL0519385 22/10/2018 22/10/2018 Գրքեր / Books 30 Days Loan
        General Fundamental Scientific Library Fundamental Scientific Library 15/11/2018 Т. 1   РД III/11525 FL0536842 15/11/2018 15/11/2018 Գրքեր / Books 30 Days Loan


ՀՀ ԳԱԱ հիմնարար գիտական գրադարան
ՀՀ,Երևան 0019
Մարշալ Բաղրամյան 24/6
հեռախոս:(374-10) 52-47-50
Հետադարձ կապ

All site content, except where otherwise noted, is licensed under a
Creative Commons License